Planificación social y organización de la comunidad : alternativas avanzadas a la crisis /

Na minha lista:
Detalhes bibliográficos
Autor principal: Marchioni, Marco
Formato: Livro
Idioma:Spanish
Publicado em: Madrid Ministerio de Cultura. Dirección General de Cooperación Cultural c1989
Madrid Editorial Popular
Edição:4 edición
coleção:Promoción cultural
Assuntos:
Tags: Adicionar Tag
Sem tags, seja o primeiro a adicionar uma tag!

MARC

LEADER 00000nam a22000007a 4500
003 cru CIDCACS/IIS
005 20190213062536.0
008 170210b1989 sp ||||| |||| |0| ||spa d
020 |a 8486524350 
040 |c cru CIDCACS/IIS 
090 |a 05.03.03 M317p 
100 1 |9 2517  |a Marchioni, Marco 
245 1 |a Planificación social y organización de la comunidad :  |b alternativas avanzadas a la crisis /  |c Marco Marchioni 
250 |a 4 edición  
260 |a Madrid  |b Ministerio de Cultura. Dirección General de Cooperación Cultural  |c c1989 
260 |a Madrid  |b Editorial Popular  
300 |a 159 páginas 
440 |9 2518  |a Promoción cultural  |n 2 
500 |a Colección Alforja 
650 1 0 |a PLANIFICACION SOCIAL  |9 2124 
650 1 0 |9 2522  |a ACCION SOCIAL 
650 1 0 |9 2519  |a COMUNIDADES 
650 1 0 |9 2521  |a POLITICA CULTURAL 
650 1 0 |9 289  |a POLITICA SOCIAL  
650 1 0 |9 377  |a DESARROLLO DE LA COMUNIDAD 
650 1 0 |9 2520  |a CRISIS 
650 1 0 |9 1012  |a ORGANIZACION SOCIAL 
651 1 0 |9 90  |a ESPAÑA 
942 |2 ddc  |c LI 
999 |c 18864  |d 18864